[Event "Catalunya-chT Gp1 Relegation 1"]
[Site "Barcelona"]
[Date "2025.03.08"]
[Round "3.5"]
[White "Pons Carreras, David"]
[Black "Ano Pla, Gerard"]
[Result "1-0"]
[WhiteElo "2298"]
[BlackElo "2299"]
[PlyCount "131"]
[EventDate "2025.02.22"]
[EventType "team-k.o."]
[EventRounds "4"]
[EventCountry "ESP"]
[SourceTitle "CB14_2025"]
[SourceDate "2024.11.01"]
[SourceVersion "1"]
[SourceVersionDate "2024.11.01"]
[SourceQuality "1"]
[WhiteTeam "Badalona Cor de Marina"]
[BlackTeam "Lira Vendrellenca"]
[WhiteTeamCountry "ESP"]
[BlackTeamCountry "ESP"]

1. d4 d5 2. c4 e6 3. Nc3 a6 4. cxd5 exd5 5. Bf4 c6 6. e3 Bd6 7. Qf3 Ne7 8. Bd3 Ng6 9. Bxd6 Qxd6 10. h4 h5 11. Nge2 Nd7 12. Qg3 Qxg3 13. Nxg3 Ne7 14. f3 g6 15. Kf2 Nb6 16. Rhc1 Be6 17. Nce2 f6 18. Rc3 Nbc8 19. a4 Nd6 20. a5 Kd7 21. Nc1 Kc7 22. Nb3 Rae8 23. Nc5 Bc8 24. Rh1 Rhg8 25. Rh2 Rg7 26. Ne2 Nef5 27. Bxf5 Bxf5 28. Ng3 Rge7 29. Rh1 Nb5 30. Nxf5 gxf5 31. Rd3 f4 32. e4 Nd6 33. Re1 dxe4 34. fxe4 Nxe4+ 35. Nxe4 Rxe4 36. Rxe4 Rxe4 37. Kf3 f5 38. Rd2 Kd6 39. Rd3 Kd5 40. Rb3 Rxd4 41. Rxb7 Ra4 42. b4 c5 43. bxc5 Rxa5 44. Kxf4 Kxc5 45. Rh7 Ra4+ 46. Kg5 Rg4+ 47. Kxh5 Rxg2 48. Rf7 Rf2 49. Kg5 a5 50. h5 a4 51. h6 a3 52. h7 Rh2 53. Rxf5+ Kb4 54. Rf4+ Kb3 55. Rh4 Rxh4 56. Kxh4 Kb2 57. h8Q+ Kb1 58. Qh7+ Kb2 59. Qg7+ Kb1 60. Qg6+ Kb2 61. Qf6+ Kb1 62. Qf5+ Kb2 63. Qe5+ Kb1 64. Qe4+ Kb2 65. Qb4+ Ka2 66. Kg3 1-0

[Event "Catalunya-chT Gp1 Relegation 1"]
[Site "Barcelona"]
[Date "2025.02.22"]
[Round "1.3"]
[White "Pons Carreras, David"]
[Black "Hernando Rodrigo, Julio Antonio"]
[Result "0-1"]
[WhiteElo "2303"]
[BlackElo "2235"]
[PlyCount "88"]
[EventDate "2025.02.22"]
[EventType "team-k.o."]
[EventRounds "4"]
[EventCountry "ESP"]
[SourceTitle "CB11_2025"]
[SourceDate "2025.03.12"]
[SourceVersion "1"]
[SourceVersionDate "2025.03.12"]
[SourceQuality "1"]
[WhiteTeam "Badalona Cor de Marina"]
[BlackTeam "Ateneu Colon"]
[WhiteTeamCountry "ESP"]
[BlackTeamCountry "ESP"]

1. d4 Nf6 2. c4 e6 3. Nf3 d5 4. g3 Be7 5. Bg2 0-0 6. 0-0 dxc4 7. Qc2 a6 8. a4 c5 9. dxc5 Bxc5 10. Qxc4 Qe7 11. Bg5 Nbd7 12. Qb3 h6 13. Be3 Nd5 14. Bxc5 Nxc5 15. Qa3 a5 16. Rc1 b6 17. Ne1 Ba6 18. Nc3 Nxc3 19. Rxc3 Rad8 20. b4 axb4 21. Qxb4 Qf6 22. Rac1 Rd4 23. Qb1 Nxa4 24. R3c2 Rfd8 25. Nf3 R4d6 26. h4 Nc5 27. Rb2 e5 28. Nh2 Bc8 29. Nf1 Bf5 30. Qa1 Be4 31. Rb4 Bb7 32. Rbc4 Ne6 33. Qa7 Nc5 34. R4c3 R8d7 35. Qb8+ Rd8 36. Qc7 Ne4 37. Bxe4 Bxe4 38. f3 Ba8 39. Ne3 Kh7 40. Nc4 Rd1+ 41. Rxd1 Rxd1+ 42. Kf2 e4 43. Rb3 exf3 44. exf3 Qa1 0-1

[Event "Titled Tuesday intern op 20th Aug Late"]
[Site "Chess.com INT"]
[Date "2024.08.20"]
[Round "10"]
[White "Pons Carreras, David"]
[Black "Keleberda, Timur"]
[Result "1-0"]
[WhiteElo "2294"]
[BlackElo "2283"]
[PlyCount "109"]
[EventDate "2024.08.20"]
[EventType "swiss (blitz)"]
[EventRounds "11"]
[EventCountry "USA"]
[SourceTitle "EXT 2025"]
[Source "ChessBase"]
[SourceDate "2024.10.14"]
[SourceVersion "1"]
[SourceVersionDate "2024.10.14"]
[SourceQuality "1"]

1. Nf3 Nf6 2. c4 e6 3. g3 d5 4. Bg2 dxc4 5. Qa4+ Nbd7 6. Qxc4 c6 7. 0-0 Nd5 8. e4 N5f6 9. Nc3 a6 10. d4 Rb8 11. Bg5 b5 12. Qe2 Be7 13. e5 Nd5 14. Bxe7 Nxc3 15. bxc3 Qxe7 16. h4 Bb7 17. Ng5 c5 18. Bxb7 Rxb7 19. Rad1 0-0 20. Qe4 Qxg5 21. hxg5 Rc7 22. d5 exd5 23. Rxd5 Nb6 24. Rd6 Nc4 25. Rfd1 Nxd6 26. exd6 Rd7 27. Qc6 Rfd8 28. Qxa6 b4 29. cxb4 cxb4 30. Qb6 Kf8 31. Qxb4 Ra8 32. a4 Ke8 33. a5 Rda7 34. d7+ Rxd7 35. Qb5 Raa7 36. Rxd7 Rxd7 37. a6 Ke7 38. a7 Rd1+ 39. Kg2 Ra1 40. Qb7+ Ke6 41. a8Q Rxa8 42. Qxa8 Kf5 43. Qd5+ Kg6 44. f4 h5 45. gxh6 Kxh6 46. Qg5+ Kh7 47. f5 Kg8 48. f6 Kf8 49. fxg7+ Kg8 50. Qh6 f5 51. Qh8+ Kf7 52. g8Q+ Ke7 53. Qh6 f4 54. Qgg7+ Kd8 55. Qhh8# 1-0

[Event "Titled Tuesday intern op 20th Aug Late"]
[Site "Chess.com INT"]
[Date "2024.08.20"]
[Round "8"]
[White "Tristan, Leonardo"]
[Black "Pons Carreras, David"]
[Result "1-0"]
[WhiteElo "2534"]
[BlackElo "2294"]
[PlyCount "53"]
[EventDate "2024.08.20"]
[EventType "swiss (blitz)"]
[EventRounds "11"]
[EventCountry "USA"]
[SourceTitle "EXT 2025"]
[Source "ChessBase"]
[SourceDate "2024.10.14"]
[SourceVersion "1"]
[SourceVersionDate "2024.10.14"]
[SourceQuality "1"]

1. d4 Nf6 2. Nf3 e6 3. Bf4 d5 4. e3 Bd6 5. Bg3 0-0 6. c4 b6 7. cxd5 exd5 8. Nc3 Bb7 9. Qc2 Re8 10. Be2 a6 11. 0-0 Bxg3 12. hxg3 Nbd7 13. Rac1 c5 14. dxc5 bxc5 15. Rfd1 Qb6 16. Na4 Qa5 17. Nxc5 Nxc5 18. Qxc5 Qxa2 19. Qb4 d4 20. Qxb7 dxe3 21. Bc4 exf2+ 22. Kxf2 Qa5 23. Bxf7+ Kh8 24. Bxe8 Rxe8 25. Re1 Ng4+ 26. Kg1 Rf8 27. Rc8 1-0

[Event "Titled Tuesday intern op 21st Nov Late"]
[Site "Chess.com INT"]
[Date "2023.11.21"]
[Round "10"]
[White "Pons Carreras, David"]
[Black "Diaz Mino, Pablo"]
[Result "0-1"]
[WhiteElo "2306"]
[BlackElo "2234"]
[PlyCount "108"]
[EventDate "2023.11.21"]
[EventType "swiss (blitz)"]
[EventRounds "11"]
[EventCountry "USA"]
[SourceTitle "EXT 2025"]
[Source "ChessBase"]
[SourceDate "2024.10.14"]
[SourceVersion "1"]
[SourceVersionDate "2024.10.14"]
[SourceQuality "1"]

1. Nf3 Nf6 2. c4 g6 3. Nc3 Bg7 4. d4 0-0 5. e3 b6 6. g3 Bb7 7. Bg2 e6 8. 0-0 Ne4 9. Bd2 f5 10. Qc2 Nxc3 11. Bxc3 Be4 12. Qb3 Qc8 13. Rfd1 d5 14. cxd5 exd5 15. Ne5 Bxg2 16. Kxg2 c6 17. Rac1 Qe6 18. f4 Nd7 19. Bb4 c5 20. dxc5 Nxe5 21. fxe5 Qxe5 22. Qxd5+ Qxd5+ 23. Rxd5 Bxb2 24. Rc2 bxc5 25. Rcxc5 Rfd8 26. Kf3 h6 27. h4 Rxd5 28. Rxd5 Kf7 29. Rd7+ Ke6 30. Rb7 g5 31. Rh7 g4+ 32. Ke2 Be5 33. Rxh6+ Kd5 34. Rh5 Ke4 35. Rh7 Rb8 36. a3 a5 37. Bxa5 Rb2+ 38. Kd1 Bxg3 39. Re7+ Kf3 40. h5 Bd6 41. Rf7 g3 42. Rxf5+ Kg4 43. Rf6 g2 44. Rg6+ Kxh5 45. Rg8 Bh2 46. Rh8+ Kg4 47. Rg8+ Kf3 48. Bc3 Ra2 49. Rf8+ Ke4 50. Re8+ Kd3 51. Rg8 Kxc3 52. Ke1 g1Q+ 53. Rxg1 Bxg1 54. Kf1 Bxe3 0-1

[Event "Titled Tuesday intern op 21st Nov Late"]
[Site "Chess.com INT"]
[Date "2023.11.21"]
[Round "11"]
[White "Pons Carreras, David"]
[Black "Gallegos, Carlos"]
[Result "0-1"]
[WhiteElo "2306"]
[BlackElo "2374"]
[PlyCount "94"]
[EventDate "2023.11.21"]
[EventType "swiss (blitz)"]
[EventRounds "11"]
[EventCountry "USA"]
[SourceTitle "EXT 2025"]
[Source "ChessBase"]
[SourceDate "2024.10.14"]
[SourceVersion "1"]
[SourceVersionDate "2024.10.14"]
[SourceQuality "1"]

1. Nf3 g6 2. d4 Bg7 3. c4 c6 4. Nc3 d5 5. e3 Nf6 6. Qb3 0-0 7. Bd2 a6 8. a4 dxc4 9. Bxc4 c5 10. d5 Ne8 11. e4 Nd6 12. Be2 e6 13. 0-0 exd5 14. exd5 Re8 15. Rfe1 Bg4 16. Be3 Nd7 17. Rad1 Rc8 18. h3 c4 19. Qc2 Bf5 20. Qc1 b5 21. Nd4 b4 22. Nc6 bxc3 23. Nxd8 cxb2 24. Qd2 c3 25. Nc6 cxd2 26. Rxd2 b1Q 27. Rxb1 Bxb1 28. Bxa6 Ra8 29. Bb5 Nxb5 30. axb5 Be4 31. d6 Ra1+ 32. Kh2 Rb1 33. Ne7+ Kf8 34. Bd4 Bxd4 35. Rxd4 f5 36. f3 Bb7 37. Kg3 Rxb5 38. Kf4 Nf6 39. Kg5 Kg7 40. d7 h6+ 41. Kf4 Rd8 42. g4 g5+ 43. Ke3 f4+ 44. Kd2 Rxd7 45. Nf5+ Kg6 46. Nd6 Rd5 47. Rxd5 Bxd5 0-1

[Event "Baleares-chT"]
[Site "Palma de Mallorca"]
[Date "2022.02.12"]
[Round "4.1"]
[White "Vasquez Schroder, Rodrigo Rafael"]
[Black "Pons Carreras, David"]
[Result "1-0"]
[WhiteElo "2494"]
[BlackElo "2312"]
[PlyCount "55"]
[EventDate "2022.01.22"]
[EventType "team-tourn"]
[EventRounds "7"]
[EventCountry "ESP"]
[SourceTitle "EXT 2023"]
[Source "ChessBase"]
[SourceDate "2022.10.05"]
[SourceVersion "1"]
[SourceVersionDate "2022.10.05"]
[SourceQuality "1"]
[WhiteTeam "Agora Megaescacs"]
[BlackTeam "Cercle Artistic de Ciutadella"]
[WhiteTeamCountry "ESP"]
[BlackTeamCountry "ESP"]

1. e4 c5 2. Nf3 e6 3. g3 Nc6 4. Bg2 Nf6 5. Qe2 d6 6. 0-0 Be7 7. c3 0-0 8. Rd1 d5 9. e5 Nd7 10. d4 b6 11. h4 a5 12. Ng5 Ba6 13. Qg4 Rc8 14. Be3 cxd4 15. cxd4 Nb4 16. Nc3 Nc2 17. Rac1 Nxe3 18. fxe3 Bxg5 19. hxg5 Qe7 20. e4 dxe4 21. Nxe4 Rxc1 22. Rxc1 Rc8 23. Rxc8+ Bxc8 24. Nd6 Ba6 25. Bc6 Nf8 26. Be8 f5 27. gxf6 Qc7 28. Bf7+ 1-0

[Event "Erfurt MT op 26th"]
[Site "Erfurt"]
[Date "2016.12.29"]
[Round "6"]
[White "Lopez Rojas, Jeffrey"]
[Black "Pons Carreras, David"]
[Result "1/2-1/2"]
[WhiteElo "2181"]
[BlackElo "2335"]
[PlyCount "87"]
[EventDate "2016.12.26"]
[EventType "swiss"]
[EventRounds "8"]
[EventCountry "GER"]
[SourceTitle "CBM 176 Extra"]
[Source "ChessBase"]
[SourceDate "2017.03.02"]
[SourceVersion "1"]
[SourceVersionDate "2017.03.02"]
[SourceQuality "1"]

1. d4 Nf6 2. Nf3 e6 3. g3 b6 4. Bg2 Bb7 5. 0-0 Be7 6. c4 0-0 7. Nbd2 c5 8. e3 cxd4 9. exd4 d5 10. b3 Nc6 11. Bb2 Rc8 12. Re1 Re8 13. Ne5 Bb4 14. Nd3 Bxd2 15. Qxd2 dxc4 16. bxc4 Na5 17. Bxb7 Nxb7 18. Rac1 Na5 19. Ne5 Nd7 20. Qb4 Nxe5 21. dxe5 Qe7 22. Qa4 Red8 23. c5 Rxc5 24. Ba3 Rxc1 25. Rxc1 Qb7 26. Bb4 h5 27. Bxa5 bxa5 28. Qh4 Rd2 29. Qa4 Qf3 30. Rf1 Kh7 31. h4 Qd5 32. Qf4 Kg8 33. a3 Rd1 34. Rxd1 Qxd1+ 35. Kh2 a4 36. Qe3 Qb3 37. Qc5 a6 38. Kg1 Qd1+ 39. Kh2 Qb3 40. Kg1 Kh7 41. Qe7 Qf3 42. Qb4 Qd1+ 43. Kh2 Qf3 44. Kg1 1/2-1/2

[Event "Erfurt MT op 26th"]
[Site "Erfurt"]
[Date "2016.12.28"]
[Round "4"]
[White "Stein, Robert"]
[Black "Pons Carreras, David"]
[Result "1/2-1/2"]
[WhiteElo "2197"]
[BlackElo "2335"]
[PlyCount "22"]
[EventDate "2016.12.26"]
[EventType "swiss"]
[EventRounds "8"]
[EventCountry "GER"]
[SourceTitle "CBM 176 Extra"]
[Source "ChessBase"]
[SourceDate "2017.03.02"]
[SourceVersion "1"]
[SourceVersionDate "2017.03.02"]
[SourceQuality "1"]

1. d4 Nf6 2. c4 e6 3. Nf3 b6 4. g3 Bb7 5. Bg2 Be7 6. 0-0 0-0 7. Nc3 Ne4 8. Nxe4 Bxe4 9. Ne1 Bxg2 10. Nxg2 d5 11. cxd5 Qxd5 1/2-1/2

[Event "Lisbon Christmas op"]
[Site "Lisbon"]
[Date "2014.12.30"]
[Round "9"]
[White "Pons Carreras, David"]
[Black "Perez Candelario, Manuel"]
[Result "0-1"]
[WhiteElo "2328"]
[BlackElo "2565"]
[PlyCount "88"]
[EventDate "2014.12.26"]
[EventType "swiss"]
[EventRounds "9"]
[EventCountry "POR"]
[SourceTitle "CBM 164 Extra"]
[Source "ChessBase"]
[SourceDate "2015.03.02"]
[SourceVersion "1"]
[SourceVersionDate "2015.03.02"]
[SourceQuality "1"]

1. Nf3 g6 2. d4 Bg7 3. c4 d6 4. Nc3 e5 5. d5 f5 6. e4 Nf6 7. exf5 gxf5 8. g3 0-0 9. Bg2 Na6 10. Nh4 e4 11. f4 exf3 12. Bxf3 Qe8+ 13. Ne2 Ng4 14. 0-0 Ne3 15. Bxe3 Qxe3+ 16. Kh1 Bxb2 17. Rb1 Be5 18. Nf4 Nc5 19. Bg2 Bd7 20. Qh5 Rf7 21. Rbe1 Qc3 22. Nf3 Bxf4 23. gxf4 Rg7 24. Ng5 Qf6 25. Ne6 Bxe6 26. dxe6 Qg6 27. Qh3 Re8 28. Bf3 Qf6 29. Rg1 c6 30. Rxg7+ Kxg7 31. Bh5 Rxe6 32. Rg1+ Kh8 33. Qg2 Qf8 34. Qb2+ Rf6 35. Bf3 Qe7 36. Qd4 a6 37. Qc3 Ne6 38. Qd2 Nf8 39. h4 Rg6 40. Rg5 h6 41. Qd4+ Kg8 42. Rxg6+ Nxg6 43. h5 Qh4+ 44. Kg1 Qg3+ 0-1

[Event "Lisbon Christmas op"]
[Site "Lisbon"]
[Date "2014.12.28"]
[Round "4"]
[White "Pons Carreras, David"]
[Black "Silva, Miguel Antonio Neto"]
[Result "0-1"]
[WhiteElo "2328"]
[BlackElo "2194"]
[PlyCount "24"]
[EventDate "2014.12.26"]
[EventType "swiss"]
[EventRounds "9"]
[EventCountry "POR"]
[SourceTitle "CBM 164 Extra"]
[Source "ChessBase"]
[SourceDate "2015.03.02"]
[SourceVersion "1"]
[SourceVersionDate "2015.03.02"]
[SourceQuality "1"]

1. Nf3 c5 2. b3 Nc6 3. Bb2 Nf6 4. e3 e6 5. d4 d5 6. Bd3 Bd7 7. a3 Bd6 8. Ne5 cxd4 9. exd4 Qb6 10. 0-0 Nxd4 11. Nxf7 Kxf7 12. Bxd4 Qxd4 0-1

[Event "Lisbon Christmas op"]
[Site "Lisbon"]
[Date "2014.12.27"]
[Round "3"]
[White "Pons Carreras, David"]
[Black "Burmakin, Vladimir"]
[Result "0-1"]
[WhiteElo "2328"]
[BlackElo "2579"]
[PlyCount "72"]
[EventDate "2014.12.26"]
[EventType "swiss"]
[EventRounds "9"]
[EventCountry "POR"]
[SourceTitle "CBM 164 Extra"]
[Source "ChessBase"]
[SourceDate "2015.03.02"]
[SourceVersion "1"]
[SourceVersionDate "2015.03.02"]
[SourceQuality "1"]

1. Nf3 d5 2. d4 c6 3. c4 Nf6 4. e3 Bf5 5. Bd3 Bxd3 6. Qxd3 e6 7. 0-0 Nbd7 8. Nc3 Be7 9. e4 dxe4 10. Nxe4 Nxe4 11. Qxe4 0-0 12. Bf4 Qb6 13. Qc2 Rfd8 14. Rad1 Nf8 15. Be3 Qa6 16. Ne5 Bd6 17. f4 b5 18. c5 Bxe5 19. dxe5 Rxd1 20. Rxd1 Qxa2 21. Rd6 Rc8 22. h4 b4 23. Kh2 h5 24. Qe2 Ng6 25. Qxh5 Qxb2 26. Qg5 Qc2 27. h5 Nf8 28. Rd2 Qf5 29. Qe7 Qe4 30. Re2 a5 31. Re1 Qd3 32. h6 Qd8 33. Qxd8 Rxd8 34. hxg7 Kxg7 35. Ra1 Rd3 36. Bc1 Rd1 0-1

[Event "Prague op-A 13th"]
[Site "Prague"]
[Date "2014.01.17"]
[Round "9"]
[White "Pons Carreras, David"]
[Black "Dragnev, Valentin"]
[Result "1/2-1/2"]
[WhiteElo "2316"]
[BlackElo "2084"]
[PlyCount "135"]
[EventDate "2014.01.10"]
[EventType "swiss"]
[EventRounds "9"]
[EventCountry "CZE"]
[SourceTitle "CBM 158 Extra"]
[Source "ChessBase"]
[SourceDate "2014.02.28"]
[SourceVersion "1"]
[SourceVersionDate "2014.02.28"]
[SourceQuality "1"]

1. Nf3 Nf6 2. c4 c5 3. Nc3 b6 4. g3 Bb7 5. Bg2 g6 6. 0-0 Bg7 7. d4 cxd4 8. Qxd4 d6 9. Rd1 Nbd7 10. b3 Rc8 11. Bb2 a6 12. Rac1 0-0 13. Ne1 Bxg2 14. Nxg2 Nc5 15. Nd5 Ne8 16. Qd2 Bxb2 17. Qxb2 e6 18. Nde3 Qe7 19. Nf4 Nf6 20. f3 Rfd8 21. Kg2 b5 22. Rd2 Ne8 23. Ng4 h5 24. Nf2 Qf6 25. Qxf6 Nxf6 26. Rdc2 b4 27. N2d3 a5 28. Nxc5 dxc5 29. Nd3 Nd7 30. Rd2 Kf8 31. Rcd1 Ke7 32. f4 f6 33. Nf2 a4 34. Ne4 Rc7 35. Nd6 axb3 36. axb3 Ra8 37. Nb5 Rb7 38. Nd6 Rc7 39. Nb5 Rb7 40. Kf3 Nf8 41. Rd6 Rd7 42. R1d3 Ra1 43. h3 f5 44. g4 hxg4+ 45. hxg4 Rf1+ 46. Kg3 Rg1+ 47. Kf3 Rxg4 48. Rc6 e5 49. fxe5 Rxd3+ 50. exd3 Nd7 51. Ke2 Nxe5 52. Rxc5 Rg2+ 53. Kf1 Rf2+ 54. Kg1 Nxd3 55. Rc7+ Kf6 56. Rd7 Rd2 57. c5 f4 58. c6 f3 59. Rxd3 Rxd3 60. c7 Rd1+ 61. Kf2 Rc1 62. Nd6 Rxc7 63. Ne8+ Ke5 64. Nxc7 Kd4 65. Na6 Kc3 66. Nc5 Kd4 67. Na6 Kc3 68. Nc5 1/2-1/2

[Event "Prague op-A 13th"]
[Site "Prague"]
[Date "2014.01.16"]
[Round "8"]
[White "Jakubiec, Edyta"]
[Black "Pons Carreras, David"]
[Result "1/2-1/2"]
[WhiteElo "2206"]
[BlackElo "2316"]
[PlyCount "134"]
[EventDate "2014.01.10"]
[EventType "swiss"]
[EventRounds "9"]
[EventCountry "CZE"]
[SourceTitle "CBM 158 Extra"]
[Source "ChessBase"]
[SourceDate "2014.02.28"]
[SourceVersion "1"]
[SourceVersionDate "2014.02.28"]
[SourceQuality "1"]

1. Nf3 Nf6 2. g3 b5 3. Bg2 Bb7 4. 0-0 e6 5. d3 c5 6. e4 d6 7. Re1 Nbd7 8. Nbd2 Qc7 9. Qe2 Be7 10. a4 a6 11. axb5 axb5 12. Rxa8+ Bxa8 13. d4 c4 14. e5 dxe5 15. dxe5 Nd5 16. Nd4 Qb6 17. N2f3 h6 18. b3 cxb3 19. Qxb5 Qxb5 20. Nxb5 bxc2 21. Re2 0-0 22. Rxc2 Rb8 23. Rb2 Nb4 24. Nbd4 Rc8 25. Bd2 Nd3 26. Rb5 Rc5 27. Rxc5 Bxc5 28. Be3 Bxf3 29. Bxf3 N3xe5 30. Be2 Nf6 31. Nc6 Bxe3 32. Nxe5 Bd4 33. Nd3 e5 34. Kg2 Kf8 35. Nb4 Ne4 36. f3 Nc3 37. Bc4 Nd1 38. Nd5 Nb2 39. Bb5 Nd1 40. Be2 Nb2 41. Bb5 f5 42. Bd7 g6 43. g4 fxg4 44. Bxg4 Nd3 45. Bd7 h5 46. Bb5 Nc5 47. Nb4 Kg7 48. Nd3 Ne6 49. Bc4 Kf6 50. Bd5 Be3 51. Bxe6 Kxe6 52. h3 Kf5 53. Nb4 e4 54. Nd5 Bc5 55. fxe4+ Kxe4 56. Nf6+ Kf4 57. Nxh5+ gxh5 58. Kh2 Kf3 59. Kh1 Kf2 60. Kh2 Bd6+ 61. Kh1 Kg3 62. Kg1 Kxh3 63. Kh1 Kg3 64. Kg1 h4 65. Kh1 h3 66. Kg1 Bc5+ 67. Kh1 h2 1/2-1/2

[Event "Prague op-A 13th"]
[Site "Prague"]
[Date "2014.01.11"]
[Round "3"]
[White "Pons Carreras, David"]
[Black "Matsenko, Sergei"]
[Result "1/2-1/2"]
[WhiteElo "2316"]
[BlackElo "2469"]
[PlyCount "60"]
[EventDate "2014.01.10"]
[EventType "swiss"]
[EventRounds "9"]
[EventCountry "CZE"]
[SourceTitle "CBM 158 Extra"]
[Source "ChessBase"]
[SourceDate "2014.02.28"]
[SourceVersion "1"]
[SourceVersionDate "2014.02.28"]
[SourceQuality "1"]

1. c4 c6 2. Nf3 Nf6 3. Nc3 d5 4. e3 e6 5. Qc2 a6 6. b3 Bd6 7. d4 0-0 8. Bd3 c5 9. 0-0 cxd4 10. exd4 Nc6 11. c5 Bc7 12. Bg5 h6 13. Bh4 b6 14. Na4 Nb4 15. Qd2 Nxd3 16. Qxd3 Bd7 17. cxb6 Bd6 18. Qd2 Rb8 19. Ne5 Bxa4 20. bxa4 Bxe5 21. dxe5 Ne4 22. Bxd8 Nxd2 23. Bc7 Nxf1 24. Kxf1 Rb7 25. Rc1 a5 26. Ke2 Rc8 27. Rc5 Ra8 28. Ke3 Ra6 29. Kd4 Kf8 30. a3 Ke8 1/2-1/2

[Event "Barcelona Sants op 15th"]
[Site "Barcelona"]
[Date "2013.08.26"]
[Round "4"]
[White "Pons Carreras, David"]
[Black "Aroshidze, Levan"]
[Result "0-1"]
[WhiteElo "2329"]
[BlackElo "2565"]
[PlyCount "100"]
[EventDate "2013.08.23"]
[EventType "swiss"]
[EventRounds "10"]
[EventCountry "ESP"]
[SourceTitle "EXT 2014"]
[Source "ChessBase"]
[SourceDate "2013.11.20"]
[SourceVersion "1"]
[SourceVersionDate "2013.11.20"]
[SourceQuality "1"]

1. Nf3 c5 2. c4 Nf6 3. Nc3 b6 4. g3 Bb7 5. Bg2 e6 6. 0-0 d6 7. Re1 a6 8. e4 Be7 9. d4 cxd4 10. Nxd4 Qc7 11. Be3 0-0 12. Rc1 Re8 13. f4 h5 14. f5 Bf8 15. Bg5 Nbd7 16. fxe6 fxe6 17. Nd5 exd5 18. cxd5 Qd8 19. Nc6 Bxc6 20. dxc6 Ne5 21. c7 Qe7 22. Bh3 Neg4 23. Bxg4 hxg4 24. Qb3+ Qf7 25. Qxb6 Nd7 26. Qb7 Ne5 27. Rf1 Nf3+ 28. Kg2 Qh5 29. Bh4 Rac8 30. e5 Nxh4+ 31. gxh4 dxe5 32. Qd5+ Kh8 33. Rf7 Qxh4 34. Rc3 Be7 35. Qe4 g3 36. Qxh4+ Bxh4 37. hxg3 Bf6 38. Rc6 e4 39. Kf2 Bxb2 40. Rxa6 Rf8 41. Rxf8+ Rxf8+ 42. Ke3 Be5 43. Rc6 Rc8 44. g4 Rxc7 45. Re6 Bf6 46. Rxe4 Re7 47. a4 Rxe4+ 48. Kxe4 Bd8 49. Kf5 Kh7 50. Ke6 Kg6 0-1

[Event "Prague op-A 11th"]
[Site "Prague"]
[Date "2012.01.16"]
[Round "4"]
[White "Aroshidze, Levan"]
[Black "Pons Carreras, David"]
[Result "1-0"]
[WhiteElo "2581"]
[BlackElo "2319"]
[PlyCount "59"]
[EventDate "2012.01.13"]
[EventType "swiss"]
[EventRounds "9"]
[EventCountry "CZE"]
[SourceTitle "CBM 146 Extra"]
[Source "ChessBase"]
[SourceDate "2012.02.29"]
[SourceVersion "1"]
[SourceVersionDate "2012.02.29"]
[SourceQuality "1"]

1. e4 c5 2. Nf3 Nc6 3. Bb5 d6 4. 0-0 Bd7 5. Re1 Nf6 6. h3 a6 7. Bf1 e5 8. c3 Be7 9. d4 0-0 10. d5 Nb8 11. a4 Bc8 12. a5 Nbd7 13. Nbd2 Ne8 14. Nc4 g6 15. Bh6 Ng7 16. Qd2 f6 17. b4 Rf7 18. Rab1 Ne8 19. Be3 Bf8 20. Bd3 Rb8 21. Nh2 cxb4 22. cxb4 f5 23. f4 fxe4 24. Bxe4 Bg7 25. Nf3 exf4 26. Bxf4 Nf8 27. Bh2 Bf5 28. Bxf5 gxf5 29. Rxe8 Qxe8 30. Nxd6 1-0

[Event "Brno op 1st"]
[Site "Brno"]
[Date "2010.11.19"]
[Round "8"]
[White "Pons Carreras, David"]
[Black "Mareckova, Martina"]
[Result "1-0"]
[WhiteElo "2304"]
[BlackElo "2056"]
[PlyCount "149"]
[EventDate "2010.11.14"]
[EventType "swiss"]
[EventRounds "9"]
[EventCountry "CZE"]
[SourceTitle "EXT 2011"]
[Source "ChessBase"]
[SourceDate "2010.11.26"]
[SourceVersion "1"]
[SourceVersionDate "2010.11.26"]
[SourceQuality "1"]

1. Nf3 Nf6 2. c4 g6 3. Nc3 Bg7 4. d4 0-0 5. e4 d6 6. Be2 e5 7. d5 a5 8. Bg5 h6 9. Bh4 Na6 10. Nd2 c6 11. a3 cxd5 12. cxd5 Nc5 13. b4 axb4 14. axb4 Rxa1 15. Qxa1 Na6 16. Qa3 Qb6 17. b5 Qc5 18. Qb3 Nb8 19. 0-0 g5 20. Bg3 Bg4 21. Bxg4 Nxg4 22. Ne2 Nd7 23. h4 Ra8 24. Rc1 Qa3 25. Qxa3 Rxa3 26. Nc4 Rb3 27. hxg5 hxg5 28. f3 Ne3 29. Nxe3 Rxe3 30. Nc3 Rd3 31. Bf2 g4 32. fxg4 Bh6 33. Rc2 Nf6 34. Kf1 Rd2 35. Rxd2 Bxd2 36. g5 Bxg5 37. Ke2 Kf8 38. Kf3 Ke7 39. Na4 Ne8 40. Bb6 Bc1 41. Ba5 Ba3 42. g4 Nf6 43. Nb6 Bc5 44. Nc4 Nd7 45. g5 Bd4 46. Bb4 Bc5 47. Be1 Bd4 48. Bh4 Bc5 49. Kg4 b6 50. Kf5 Ke8 51. g6 fxg6+ 52. Kxg6 Nf8+ 53. Kf6 Nd7+ 54. Kf5 Kf7 55. Bd8 Ke8 56. Bc7 Ke7 57. Kg5 Nf6 58. Bd8+ Kxd8 59. Kxf6 Kd7 60. Kf7 Bd4 61. Nd2 Be3 62. Nf3 Bf2 63. Ng5 Be3 64. Nh7 Bf2 65. Nf6+ Kd8 66. Ke6 Bh4 67. Ng8 Kc7 68. Ne7 Bf2 69. Ng8 Bh4 70. Ne7 Bf2 71. Nf5 Bc5 72. Ke7 Bb4 73. Ng7 Ba3 74. Ne8+ Kc8 75. Ke6 1-0

[Event "Brno op 1st"]
[Site "Brno"]
[Date "2010.11.17"]
[Round "5"]
[White "Heppell, Ian"]
[Black "Pons Carreras, David"]
[Result "1/2-1/2"]
[WhiteElo "2122"]
[BlackElo "2304"]
[PlyCount "51"]
[EventDate "2010.11.14"]
[EventType "swiss"]
[EventRounds "9"]
[EventCountry "CZE"]
[SourceTitle "EXT 2011"]
[Source "ChessBase"]
[SourceDate "2010.11.26"]
[SourceVersion "1"]
[SourceVersionDate "2010.11.26"]
[SourceQuality "1"]

1. e4 e6 2. d4 d5 3. Nc3 dxe4 4. Nxe4 Bd7 5. Nf3 Bc6 6. Bd3 Nd7 7. 0-0 Ngf6 8. Neg5 Bxf3 9. Qxf3 c6 10. Re1 Be7 11. c3 0-0 12. Bd2 a5 13. Qh3 g6 14. Bc4 Kh8 15. Qh6 Qe8 16. Bf4 Rg8 17. Be5 Rg7 18. Bxe6 fxe6 19. Nxe6 Rf7 20. Nc7 Qf8 21. Qh3 Nxe5 22. dxe5 Nd5 23. Nxa8 Qxa8 24. c4 Nf4 25. Qd7 Qf8 26. e6 1/2-1/2

[Event "Brno op 1st"]
[Site "Brno"]
[Date "2010.11.16"]
[Round "4"]
[White "Pons Carreras, David"]
[Black "Szablowski, Pawel"]
[Result "1/2-1/2"]
[WhiteElo "2304"]
[BlackElo "2288"]
[PlyCount "84"]
[EventDate "2010.11.14"]
[EventType "swiss"]
[EventRounds "9"]
[EventCountry "CZE"]
[SourceTitle "EXT 2011"]
[Source "ChessBase"]
[SourceDate "2010.11.26"]
[SourceVersion "1"]
[SourceVersionDate "2010.11.26"]
[SourceQuality "1"]

1. Nf3 Nf6 2. c4 c5 3. Nc3 Nc6 4. g3 e5 5. Bg2 d6 6. d3 Be7 7. Bg5 0-0 8. 0-0 Be6 9. Bxf6 Bxf6 10. Nd5 Rb8 11. Nd2 Bg5 12. e3 f5 13. f4 Bh6 14. Rb1 g6 15. a3 a5 16. b4 axb4 17. axb4 cxb4 18. Nxb4 Nxb4 19. Rxb4 Qc7 20. Qb3 b5 21. Bd5 Bxd5 22. cxd5 Qc5 23. d4 exd4 24. exd4 Qa7 25. Re1 Rfe8 26. Re6 Qa1+ 27. Nf1 Bg7 28. Qe3 Kf7 29. Qe2 Qc3 30. Rxb5 Qxd4+ 31. Kg2 Rxb5 32. Qxb5 Rxe6 33. dxe6+ Kxe6 34. Qe8+ Kf6 35. Qd8+ Kf7 36. Qd7+ Kg8 37. Qe6+ Kf8 38. Qc8+ Ke7 39. Qc7+ Ke6 40. Qc8+ Ke7 41. Qc7+ Ke6 42. Qc8+ Ke7 1/2-1/2